ASP.NET začínáme programovat

Salvato in:
Dettagli Bibliografici
Autore principale: Písek, Slavoj
Natura: Libro
Lingua:ceco
Pubblicazione: Praha Grada Publishing 2003
Soggetti:
Tags: Aggiungi Tag
Nessun Tag, puoi essere il primo ad aggiungerne!!

MARC

LEADER 00000nam$a2200000$$$4500
001 0021449
005 20240313132735.0
020 |a 80-247-0526-5 
041 0 |a cze 
044 |a CZ 
245 1 0 |a ASP.NET  |b začínáme programovat  |c Slavoj Písek 
264 1 |a Praha  |b Grada Publishing  |c 2003 
300 |a 228 s. 
610 2 0 |a programovanie 
610 2 0 |a jazyky programovacie 
610 2 0 |a softvér 
610 2 0 |a internet 
610 2 0 |a ASP.NET 
100 1 |a Písek, Slavoj